| 000 | 00485nam a22001697a 4500 | ||
|---|---|---|---|
| 999 |
_c40764 _d40764 |
||
| 003 | OSt | ||
| 005 | 20200606120151.0 | ||
| 008 | 191102b ||||| |||| 00| 0 eng d | ||
| 020 | _a9788188166308 | ||
| 040 | _cMESKC library | ||
| 082 |
_a891.433 _bSMI/B |
||
| 100 |
_97 _aSmith, Arathi |
||
| 245 |
_aBadalthe Pal / _cDr. Arathi Smith |
||
| 260 |
_aNew Delhi : _bJulie Publications, _c2012 |
||
| 300 | _a111p | ||
| 942 |
_2ddc _cBK _h891.433 _iSMI/B _k891.433 _mSMI/B |
||